LEADER 03205oam 2200733I 450 001 9910454905703321 005 20200520144314.0 010 $a1-138-46921-1 010 $a1-134-94294-X 010 $a1-280-32230-6 010 $a0-203-40872-1 024 7 $a10.4324/9780203408728 035 $a(CKB)111056485511982 035 $a(EBL)166595 035 $a(OCoLC)567855526 035 $a(SSID)ssj0000156676 035 $a(PQKBManifestationID)11158330 035 $a(PQKBTitleCode)TC0000156676 035 $a(PQKBWorkID)10130167 035 $a(PQKB)10810297 035 $a(MiAaPQ)EBC166595 035 $a(Au-PeEL)EBL166595 035 $a(CaPaEBR)ebr10061106 035 $a(CaONFJC)MIL32230 035 $a(OCoLC)52080343 035 $a(EXLCZ)99111056485511982 100 $a20180331d1990 uy 0 101 0 $aeng 135 $aur|n|---||||| 181 $ctxt 182 $cc 183 $acr 200 10$aFootball on trial $espectator violence and development in the football world /$fPatrick Murphy, John Williams, and Eric Dunning 210 1$aLondon ;$aNew York :$cRoutledge,$d1990. 215 $a1 online resource (255 p.) 300 $aDescription based upon print version of record. 311 $a0-203-32234-7 311 $a0-415-05023-5 320 $aIncludes bibliographical references and index. 327 $aBook Cover; Title; Contents; List of illustrations; Foreword by Richard Faulkner, Deputy Chairman of the Football Trust; Preface; FOOTBALL ON TRIAL: REFLECTIONS ON THE FUTURE OF SOCCER AS A WORLD GAME; THE ROOTS OF PLAYER VIOLENCE IN FOOTBALL IN SOCIO-HISTORICAL PERSPECTIVE; FOOTBALL HOOLIGANISM IN BRITAIN BEFORE THE FIRST WORLD WAR; FOOTBALL HOOLIGANISM IN BRITAIN: 1880 1989; SOCCER CROWD DISORDER AND THE PRESS: PROCESSES OF AMPLIFICATION AND DE-AMPLIFICATION IN HISTORICAL PERSPECTIVE; LIFE WITH THE KINGSLEY LADS: COMMUNITY, MASCULINITY AND FOOTBALL 327 $aFOOTBALL SPECTATOR BEHAVIOUR AS A EUROPEAN PROBLEM: SOME FINDINGS FROM A COLLABORATIVE CROSS-CULTURAL STUDY OF THE 1988 EUROPEAN CHAMPIONSHIPSWHY ARE THERE NO EQUIVALENTS OF SOCCER HOOLIGANISM IN THE UNITED STATES?; ENGLISH FOOTBALL AND THE HOOLIGAN CRISIS: PREVAILING POLICIES AND CONSTRUCTIVE ALTERNATIVES; Index 330 $aThe leading writers in the field extend their analysis formulated in Hooligans Abroad and The Roots of Football Hooliganism to shed new light on one of the most troubling social problems of our times. 606 $aSpectator control 606 $aSoccer fans 606 $aSoccer$xSocial aspects 606 $aHoodlums$xPublic opinion 606 $aSoccer hooliganism 608 $aElectronic books. 615 0$aSpectator control. 615 0$aSoccer fans. 615 0$aSoccer$xSocial aspects. 615 0$aHoodlums$xPublic opinion. 615 0$aSoccer hooliganism. 676 $a363.3/2 700 $aMurphy$b Patrick$f1943,$01000395 701 $aWilliams$b John$g(John M.)$0336862 701 $aDunning$b Eric$0269065 801 0$bMiAaPQ 801 1$bMiAaPQ 801 2$bMiAaPQ 906 $aBOOK 912 $a9910454905703321 996 $aFootball on trial$92296279 997 $aUNINA LEADER 04475oam 2200697 c 450 001 996582048503316 005 20220221094418.0 010 $a3-8394-5718-1 024 3 $a9783839457184 035 $a(MiAaPQ)EBC6800865 035 $a(Au-PeEL)EBL6800865 035 $a(OCoLC)1285170954 035 $a(CKB)19410681400041 035 $a(transcript Verlag)9783839457184 035 $a(DE-B1597)579596 035 $a(DE-B1597)9783839457184 035 $a(EXLCZ)9919410681400041 100 $a20220221d2021 uy 0 101 0 $ager 135 $aurcnu|||||||| 181 $ctxt$2rdacontent 182 $cc$2rdamedia 183 $acr$2rdacarrier 200 00$aSkandal!? Stadtgeschichten aus Marburg im 20. Jahrhundert$fMartin Go?llnitz, Sabine Mecking 205 $a1st ed. 210 $aBielefeld$ctranscript Verlag$d2021 215 $a1 online resource (357 pages) 225 0 $aHistoire$v190 311 08$aPrint version: Göllnitz, Martin Skandal!? Stadtgeschichten aus Marburg im 20. Jahrhundert Bielefeld : transcript,c2021 9783837657180 327 $aCover -- Inhalt -- Skandal!? -- Skandalgeschichte als Zeitgeschichte -- Skandalgeschichte als Stadtgeschichte -- Die Marburger Jäger-Truppe und ihre militaristische Nachgeschichte -- Die Morde von Mechterstädt - Tragödie und/oder Skandal? -- Sex, Lügen und Philosophie -- Die Marburger Rede vom 17. Juni 1934 -- Johann Wilhelm Mannhardt als Skandalopfer? -- Die Marburg Files -- Ein »fanatischer Gegner des Nationalsozialismus« -- Hindenburg in Marburg -- Für eine »gewisse Glücksfähigkeit« -- Wie kam Abendroth in die Alte Jägerkaserne? -- Ein »Atom-Mädchen« lässt sich anwerben -- DDR-Spionage in Marburg -- Schrankenlos für den Autoverkehr -- Abbildungsverzeichnis -- Autorinnen und Autoren. 330 $aSkandale bieten mit ihren schlu?pfrigen Details, heftigen Emotionsausbru?chen und u?berkommenen Moralvorstellungen ein spannendes und innovatives Forschungsfeld fu?r die Stadtgeschichte. Die Beitra?ger*innen des Bandes widmen sich am Beispiel Marburgs diesem politischen, sozialen und medialen Pha?nomen aus einer interdisziplina?ren Perspektive. Sie verstehen Skandale dabei als o?ffentliche Normkonflikte sowie gesellschaftliche und politische Selbstreinigungsmechanismen, die zum Alltag moderner Gesellschaften geho?ren. Ihre Analysen zu den Funktionsweisen, Verlaufsmustern und Auswirkungen machen deutlich: Die moderne Stadt- und Skandalgeschichte geho?ren zusammen. 330 1 $aBesprochen in: https://www.op-marburg.de, 01.10.2021, Manfred Hitzeroth 410 0$aHistoire 606 $aHistorische Skandalforschung; Marburg; Stadtgeschichte; 20. Jahrhundert; Hessen; Gesellschaft; Politik; Medien; Erinnerungskultur; Kulturgeschichte; Deutsche Geschichte; Sozialgeschichte; Geschichte des 20. Jahrhunderts; Geschichtswissenschaft; Historical Scandal Research; Urban History; 20th Century; Society; Politics; Media; Memory Culture; Cultural History; German History; Social History; History of the 20th Century; History; 607 $aMarburg (Germany)$xHistory$y20th century 607 $aGermany$zMarburg$2fast 608 $aHistory.$2fast 610 $a20th Century. 610 $aCultural History. 610 $aGerman History. 610 $aHessen. 610 $aHistory of the 20th Century. 610 $aHistory. 610 $aMarburg. 610 $aMedia. 610 $aMemory Culture. 610 $aPolitics. 610 $aSocial History. 610 $aSociety. 610 $aUrban History. 615 4$aHistorische Skandalforschung; Marburg; Stadtgeschichte; 20. Jahrhundert; Hessen; Gesellschaft; Politik; Medien; Erinnerungskultur; Kulturgeschichte; Deutsche Geschichte; Sozialgeschichte; Geschichte des 20. Jahrhunderts; Geschichtswissenschaft; Historical Scandal Research; Urban History; 20th Century; Society; Politics; Media; Memory Culture; Cultural History; German History; Social History; History of the 20th Century; History; 702 $aGo?llnitz$b Martin$pPhilipps-Universita?t Marburg, Deutschland$4edt 702 $aMecking$b Sabine$pPhilipps-Universita?t Marburg, Deutschland$4edt 712 02$aStadt Marburg$4fnd$4http://id.loc.gov/vocabulary/relators/fnd 801 0$bMiAaPQ 801 1$bMiAaPQ 801 2$bMiAaPQ 906 $aBOOK 912 $a996582048503316 996 $aSkandal!? Stadtgeschichten aus Marburg im 20. Jahrhundert$94128404 997 $aUNISA